01423nam a22003497a 4500003000900000005001700009007000300026008003300029020001500062040003000077082002600107100004100133245019200174260000600366264005000372300004800422336002700470337003500497338003000532490003200562590002600594650004000620650003500660650003600695700003400731700003400765700002900799910004100828942001200869952017500881999001701056DO-SdBPM20250903091035.0ta161031b1996 xx a 00| 0 spa d a0673769682 aDO-SdBPMbspacBPMSUerda 4a813.5bS544p 19962221 aShelf Medearis, Angelad1956-eautor10aPablo y Pedro /cAngela Shelf Medearis ; ilustrado Pat Cummings ; adaptación Vivian Cuesta ; traducción Olivia Ruiz, Patricia Almada, Lourdes Davis Machado, Roni Capin Rivera Ashford. b  aEstados Unidos : bCelebration Press, c1996. a16 páginas : bilustraciones ; c18 cm.  atextobtxt2rdacontent asin mediación bn2rdamedia  avolumen bnc2rdacarrier 0 aPequeñitas celebraciones  aInvetariados, 2025/VM 7aCuentos infantiles estadounidenses  7aAnimales vCuentos infantiles  7aLibros ilustrados para niños 1 aCummings, Pateilustración 1 aCuesta, VivianeAdaptación 1 aRuiz, Oliviaetraductora aVMateo V. Control de calidad. BPMSU  2ddccBK 00102ddc708CI-GaBPMETbBPMETd2017-11-03eBiblioteca Infantil Juvenil República Dominicanal0oBPMSU CGI 813.5 S544p 1996pBPMSU17110034r2017-11-03w2017-11-03yBK c12754d12754